The mineralogy and geology of the taconites and iron ores of the Mesabi Range, Minnesota / (Record no. 28128)

MARC details
000 -LEADER
fixed length control field 01461cam a22003371a 4500
001 - CONTROL NUMBER
control field gs 47000046
003 - CONTROL NUMBER IDENTIFIER
control field DLC
005 - DATE AND TIME OF LATEST TRANSACTION
control field 20260227111352.0
008 - FIXED-LENGTH DATA ELEMENTS--GENERAL INFORMATION
fixed length control field 750805s1946 mnua b 000 0 eng c
010 ## - LIBRARY OF CONGRESS CONTROL NUMBER
LC control number gs 47000046
035 ## - SYSTEM CONTROL NUMBER
System control number (OCoLC)1511541
040 ## - CATALOGING SOURCE
Original cataloging agency U.S. Geol. survey. Library
Transcribing agency ScU
Modifying agency OCoLC
-- MnHi
-- DLC
042 ## - AUTHENTICATION CODE
Authentication code premarc
050 00 - LIBRARY OF CONGRESS CALL NUMBER
Classification number TN403.M6
Item number G68
100 1# - MAIN ENTRY--PERSONAL NAME
Personal name Gruner, John W.
Fuller form of name (John Walter),
Dates associated with a name 1890-
245 04 - TITLE STATEMENT
Title The mineralogy and geology of the taconites and iron ores of the Mesabi Range, Minnesota /
Statement of responsibility, etc. by John W. Gruner.
260 ## - PUBLICATION, DISTRIBUTION, ETC.
Place of publication, distribution, etc. St. Paul, Minn. :
Name of publisher, distributor, etc. Office of the Commissioner of the Iron Range Resources and Rehabilitation :
-- in cooperation with the Minnesota Geological Survey,
Date of publication, distribution, etc. 1946.
300 ## - PHYSICAL DESCRIPTION
Extent ix, 127 p., 20 p. of plates :
Other physical details ill. ;
Dimensions 23 cm.
504 ## - BIBLIOGRAPHY, ETC. NOTE
Bibliography, etc. note Includes bibliographical references (p. 120-122).
500 ## - GENERAL NOTE
General note One folded ill. in pocket.
500 ## - GENERAL NOTE
General note Cover title: Mineralogy and geology of the Mesabi Range.
650 #0 - SUBJECT ADDED ENTRY--TOPICAL TERM
Topical term or geographic name entry element Iron ores
Geographic subdivision Minnesota
-- Mesabi Range.
650 #0 - SUBJECT ADDED ENTRY--TOPICAL TERM
Topical term or geographic name entry element Geology
Geographic subdivision Minnesota
-- Mesabi Range.
650 #0 - SUBJECT ADDED ENTRY--TOPICAL TERM
Topical term or geographic name entry element Mineralogy
Geographic subdivision Minnesota
-- Mesabi Range.
650 #0 - SUBJECT ADDED ENTRY--TOPICAL TERM
Topical term or geographic name entry element Iron ores
General subdivision Geology
Geographic subdivision Minnesota
-- Mesabi Range.
650 #0 - SUBJECT ADDED ENTRY--TOPICAL TERM
Topical term or geographic name entry element Taconite
Geographic subdivision Minnesota
-- Mesabi Range.
651 #0 - SUBJECT ADDED ENTRY--GEOGRAPHIC NAME
Geographic name Mesabi Range (Minn.).
710 1# - ADDED ENTRY--CORPORATE NAME
Corporate name or jurisdiction name as entry element Minnesota.
Subordinate unit Office of Commissioner of Iron Range Resources and Rehabilitation.
710 2# - ADDED ENTRY--CORPORATE NAME
Corporate name or jurisdiction name as entry element Minnesota Geological Survey.
740 0# - ADDED ENTRY--UNCONTROLLED RELATED/ANALYTICAL TITLE
Uncontrolled related/analytical title Mineralogy and geology of the Mesabi Range.

No items available.

Powered by Koha